00731 2200253 4500001002100000005001500021035002000036007000300056008004100059020001800100082001200118084002200130084002200152084002200174245009300196250002000289260003500309300002800344111002700372711003900399990001300438990001300451990001300464INLIS00000000000943620241215091015 a0010-0623000230ta241215 0 ind  a9786236982020 a303.485 a303.485 KEL f C.1 a303.485 KEL f C.2 a303.485 KEL f C.31 aFakta Pandemi :boase pemikiran lintas batas ekonomi dan hukum /cKelompok Cendikia Muda aCetakan ke satu aYogyakarta :bNusamedia,c2020 a129 hlm. ;c16 x 24 cm.0 aKelompok Cendikia Muda0 aMahasiswa Bidikmisi IAIN Surakarta a023.3403 a023.3404 a023.3405